al-Radd ʻalá al-Zanādiqah wa- al-Jahmiyah / (Record no. 49836)

MARC details
000 -LEADER
fixed length control field 00882cam a22002411 4500
001 - CONTROL NUMBER
control field ne 67001796
003 - CONTROL NUMBER IDENTIFIER
control field DLC
005 - DATE AND TIME OF LATEST TRANSACTION
control field 20260227111835.0
008 - FIXED-LENGTH DATA ELEMENTS--GENERAL INFORMATION
fixed length control field 931013s1967 sy h b 000 0 ararc
010 ## - LIBRARY OF CONGRESS CONTROL NUMBER
LC control number ne 67001796
035 ## - SYSTEM CONTROL NUMBER
System control number (OCoLC)29000605
040 ## - CATALOGING SOURCE
Original cataloging agency Princeton Univ. Libr.
Transcribing agency CU
Modifying agency DLC
050 00 - LIBRARY OF CONGRESS CALL NUMBER
Classification number BP195.J3
Item number I17 1967
100 1# - MAIN ENTRY--PERSONAL NAME
Personal name Ibn Ḥanbal, Aḥmad ibn Muḥammad,
Dates associated with a name 780-855.
245 13 - TITLE STATEMENT
Title al-Radd ʻalá al-Zanādiqah wa- al-Jahmiyah /
Statement of responsibility, etc. li-Aḥamad ibn Ḥanbal ; ḥaqqaqahu wa-qaddama lahu Muḥammad Fahr Shaqfah; wa-fī ḥashiyatihi risālah qayyimah li-Muḥammad Ḥāmid.
260 ## - PUBLICATION, DISTRIBUTION, ETC.
Place of publication, distribution, etc. Ḥamāh :
Name of publisher, distributor, etc. Maktabat Ibn al-Haytham,
Date of publication, distribution, etc. [1967]
300 ## - PHYSICAL DESCRIPTION
Extent 98 p. :
Other physical details facsims. ;
Dimensions 22 cm.
504 ## - BIBLIOGRAPHY, ETC. NOTE
Bibliography, etc. note Bibliographical footnotes.
650 #0 - SUBJECT ADDED ENTRY--TOPICAL TERM
Topical term or geographic name entry element Jahmīyah.
650 #0 - SUBJECT ADDED ENTRY--TOPICAL TERM
Topical term or geographic name entry element Islam
General subdivision Doctrines.
700 1# - ADDED ENTRY--PERSONAL NAME
Personal name Ḥāmid, Muḥammad.
740 0# - ADDED ENTRY--UNCONTROLLED RELATED/ANALYTICAL TITLE
Uncontrolled related/analytical title Shaqfah, Muḥammad Fahr.

No items available.

Powered by Koha